00845cam a2200253 a 450000100090000000300050000900500170001400800410003101000170007202000320008903800090012104000180013005000220014808200150017010000310018524500480021625000120026426000410027630000440031750400510036165000190041285600740043185600860050511815354NUST20190710054802.0991020s2000 caua b 001 0 eng  a 99068192  a0126363757 (acidfree paper) aASAB aDLCcDLCdDLC00aQE471b.S426 200000a552/.52211 aSelley, Richard C.,d1939-10aApplied sedimentology /cRichard C. Selley. a2nd ed. aSan Diego :bAcademic Press,cc2000. ax, 523 p. :bill. (some col.) ;c24 cm. aIncludes bibliographical references and index. 0aSedimentology.413Table of contentsuhttp://www.loc.gov/catdir/toc/els033/99068192.html423Publisher descriptionuhttp://www.loc.gov/catdir/description/els033/99068192.html